000 005530000a22001810004500
001 14195
020 _a84-8164-632-6
041 0 _aSPA
082 0 4 _aG 270 U5884h
245 1 0 _aHistoria del Cristianismo / Universidad de Granada
260 _aMadrid : Trotta
440 0 _aColección Estructuras y Procesos. Serie Religión
505 0 0 _aVol. I El mundo antiguo Vol. II El mundo medieval Vol. III El mundo moderno
942 _cBK
999 _c43096
_d43096
336 _atexto
_btxt
_2rdacontent
337 _2rdamedia
_asin mediación
_bn
338 _2rdacarrier
_avolumen
_bnc